Planowanie i organizacja centrum

Gespeichert in:
Bibliographische Detailangaben
Format: Buch
Sprache:Polnisch
Veröffentlicht: Warszawa Krajowa agencja wydawnicza 1981
Tags: Tag hinzufügen
Keine Tags, Fügen Sie das erste Tag hinzu!

MARC

LEADER 00000nam a2200000 4500
001 c137830
005 20041019155311.2
041 0 |a pol 
044 |a PL 
245 1 0 |a Planowanie i organizacja centrum 
264 1 |a Warszawa  |b Krajowa agencja wydawnicza  |c 1981 
300 |a 44 s.